000 01465cam a22003857a 4500
003 CHAP
005 20220329135350.0
008 971013s1930 r 00010 d
010 _a35115
011 _a36087
035 _a40206
040 _cCHAP
082 _a632
_bM49
110 _aMéxico. Oficina para la Defensa Agrícola
_977080
245 0 _aPrincipales plagas y enfermedades de los cultivos en la República Mexicana, incluyento las más importantes de los Estados Unidos de Norteamérica
260 _aMéxico, D.F. :
_bSecretaría de Agricultura y Fomento,
_c1930
300 _a375 p.
_b: ilus
590 _aBATCH-UPD
_b10
_c20130110
_lUCH01
_h0126
590 _aBATCH-UPD
_b10
_c20130110
_lUCH01
_h1142
590 _aBATCH-UPD
_b10
_c20130409
_lUCH01
_h2121
590 _aBATCH-UPD
_b10
_c20130410
_lUCH01
_h0728
590 _aBATCH-UPD
_b10
_c20130914
_lUCH01
_h0023
590 _aCONVERSION
_b10
_c20130109
_lUCH01
_h1320
650 1 4 _aAgricultura
_xPlagas.
_91764
650 1 4 _aCultivos
_xEnfermedades.
_930262
650 1 4 _aCultivos
_xPlagas.
_930305
650 1 4 _aFitopatología.
_941161
650 1 4 _aFitopatología
_xBibliografía
_xMéxico.
_941164
901 _aBK
942 _cLIBRO
949 _a632 M49
_bBC
_cBPP
_d-91804
_eBPP
_h22426
_i40206
_si
949 _a632 M49
_bBC
_cBPP
_d-91806
_eBPP
_fc.3
_h22427
_i40206
_si
949 _a632 M49
_bBC
_cBPP
_d-91807
_eBPP
_fc.4
_h22428
_i40206
_si
949 _a632 M49
_bBC
_cBPP
_d33724000174983
_eBPP
_fc.2
_i40206
_si
999 _c35115
_d35115